000 00548nam a2200193Ia 4500
999 _c10943
_d10943
003 OSt
005 20191213140715.0
008 190216s9999||||xx |||||||||||||| ||und||
020 _a9780195686463
040 _coclc
082 _a338.5
_bSEN/M
100 _aSen, Anindya
_9466
245 0 _aMicroeconomics Theory and Applications /
_cAnindya Sen
250 _a2nd ed.
260 _bOxford University Press,
_aNew Delhi:
_c2007.
300 _a290p
650 _aEconomics
942 _cBK
_2ddc
_h338.5
_iSEN/M
_k338.5
_mSEN/M